000
00286nam a2200121Ia 4500
100
_a
BHIMASHANKAR/ DESHPANDE
942
_c
BK
366
_f
50
245
_a
KARNATAKATIL MARATHI HASTALIKHITE
260
_b
RAJYA MARATHI VIKAS SANSTHA
_a
Mumbai
_c
1999
300
_a
188
546
_a
MARATHI
999
_c
19925
_d
19925